حمل أم جمل ؟ / (رقم التسجيلة. 36880)

تفاصيل مارك
000 -LEADER
fixed length control field 00639nam a22002057a 4500
005 - DATE AND TIME OF LATEST TRANSACTION
control field 20251108170007.0
008 - FIXED-LENGTH DATA ELEMENTS--GENERAL INFORMATION
fixed length control field 250721s9999 xx 000 0 ara d
082 14 - DEWEY DECIMAL CLASSIFICATION NUMBER
Classification number ط/ق/يوس
100 1# - MAIN ENTRY--PERSONAL NAME
Personal name يوسف، عبد التواب
Relator term مؤلف
245 10 - TITLE STATEMENT
Title حمل أم جمل ؟ /
264 1# - PRODUCTION, PUBLICATION, DISTRIBUTION, MANUFACTURE, AND COPYRIGHT NOTICE
Place of production, publication, distribution, manufacture القاهره :
Name of producer, publisher, distributor, manufacturer نهضة مصر،
Date of production, publication, distribution, manufacture, or copyright notice [19-].
300 ## - PHYSICAL DESCRIPTION
Extent 16ص. : مص.
490 0# - SERIES STATEMENT
Series statement من تحب أن تكون ؟
Volume/sequential designation 5
650 17 - SUBJECT ADDED ENTRY--TOPICAL TERM
Topical term or geographic name as entry element القصص العلمية
650 17 - SUBJECT ADDED ENTRY--TOPICAL TERM
Topical term or geographic name as entry element الحيوانات
653 ## - INDEX TERM--UNCONTROLLED
Uncontrolled term أطفال مرحلة متوسطة (6-9 سنوات)
700 1# - ADDED ENTRY--PERSONAL NAME
Personal name خطاب، امال
Relator term رسام
942 ## - ADDED ENTRY ELEMENTS (KOHA)
Source of classification or shelving scheme Dewey Decimal Classification
Koha item type كتب
المقتنيات
حالة السحب حالة الفقدان مصدر التصنيف حالة التلف غير قابل للإعارة المكتبة الرئيسية المكتبة الحالية موقع الرف تاريخ التزويد الرقم المتسلسل Total Checkouts رقم الإستدعاء الباركود تاريخ آخر ظهور تاريخ الفاتورة نوع المادة (كوها)
    Dewey Decimal Classification     مكتبة قتيبة للأطفال مكتبة قتيبة للأطفال الأطفال 13/11/2017 1665913   ط/ق/يوس PLD00410886 28/07/2025 13/11/2017 كتب
    Dewey Decimal Classification     مكتبة أم المؤمنين للأطفال مكتبة أم المؤمنين للأطفال الأطفال 28/07/2025 418849   ط/ق/يوس 418849 28/07/2025 28/07/2025 كتب
    Dewey Decimal Classification     مكتبة أم قصير والمقابلين العامة مكتبة أم قصير والمقابلين العامة الأطفال 06/07/2004 341571   ط/ق/يوس 341571 28/07/2025 06/07/2004 كتب
    Dewey Decimal Classification     مكتبة الأميرة ايمان العامة مكتبة الأميرة ايمان العامة الأطفال 10/12/2013 341556   ط/ق/يوس PLD00290286 28/07/2025 10/12/2013 كتب
    Dewey Decimal Classification Unchecked   مكتبة البراءة للأطفال مكتبة البراءة للأطفال الأطفال 28/07/2025 341554   ط/ق/يوس   28/07/2025 28/07/2025 كتب
    Dewey Decimal Classification     مكتبة صويلح العامة مكتبة صويلح العامة الأطفال 07/08/2019 341569   ط/ق/يوس PLD00461836 28/07/2025 07/08/2019 كتب
    Dewey Decimal Classification     مكتبة وادي السير العامة مكتبة وادي السير العامة الأطفال 26/11/2015 341561   ط/ق/يوس PLD00367102 28/07/2025 26/11/2015 كتب
Implemented & Customized by: BBB with SCIT (Smart Chains for Information Technology)

Powered by Koha